University Home | Library Home | Institutional Repository

Sedimentology and sedimentary basins: (Record no. 101253)

MARC details
000 -LEADER
fixed length control field 00451cam0a220014500 4500
005 - DATE AND TIME OF LATEST TRANSACTION
control field 20190819100715.0
008 - FIXED-LENGTH DATA ELEMENTS--GENERAL INFORMATION
fixed length control field 050714
020 ## - INTERNATIONAL STANDARD BOOK NUMBER
International Standard Book Number 0632049766
035 ## - SYSTEM CONTROL NUMBER
System control number (Sirsi) a148124
050 ## - LIBRARY OF CONGRESS CALL NUMBER
Classification number QE 471 LEE 1999
100 1# - MAIN ENTRY--PERSONAL NAME
Personal name Leeder, Mike
Linkage A118826.1
245 10 - TITLE STATEMENT
Title Sedimentology and sedimentary basins:
Remainder of title from turbulence to tectonics
Statement of responsibility, etc. /Mike Leeder.
260 ## - PUBLICATION, DISTRIBUTION, ETC.
Place of publication, distribution, etc. Oxford:
Name of publisher, distributor, etc. Blackwell,
Date of publication, distribution, etc. 1999.
650 #0 - SUBJECT ADDED ENTRY--TOPICAL TERM
Topical term or geographic name entry element Sedimentology
Linkage S8033.1

No items available.

© 2026 - The University of Zambia Library - Koha v25.11